Music Quiz

Random Music or Song Quiz

'70s Song Title Match-Up Quiz Stats

 Plays Quiz Updated Feb 7, 2018

Support Sporcle.
Go Orange.
Score 0/24 Timer 04:00
29 Plays Today
% Correct
Bohemian
98.8%
Can't Get
97.8%
Midnight Train to
97.2%
Go Your
97%
Play
96.8%
Killing Me Softly
96.7%
Dancing
96.7%
American
96.5%
Anarchy in
96.3%
Bennie and
96.2%
One Way
96%
Won't Get Fooled
95.7%
% Correct
Brown
94.3%
My
94.3%
Comfortably
93.9%
Wuthering
93.2%
Maggie
92.7%
London
92.5%
My Sweet
90.7%
One
89.6%
Big
89.1%
Thunder
88.8%
Blitzkrieg
84.3%
Oliver’s
82.2%

You're not logged in!

Compare scores with friends on all Sporcle quizzes.
OR
Log In
Forgot?

From the Vault

Animated Movie Posters

by mvheald

Movies 4m
Who knew posters could be so animated?
Remove Ads.
Support Sporcle.
Get the best of Sporcle when you Go Orange. This ad-free experience offers more features, more stats, and more fun while also helping to support Sporcle. Thank you for becoming a member.

Show Comments

Extras

Top Quizzes Today


Score Distribution

Your Account Isn't Verified!

In order to create a playlist on Sporcle, you need to verify the email address you used during registration. Go to your Sporcle Settings to finish the process.

Report this User

Report this user for behavior that violates our Community Guidelines.

Details: